| 000 | 00911nam a22002537a 4500 | ||
|---|---|---|---|
| 005 | 20240530110933.0 | ||
| 008 | 220221s2008 ua c g b 000 0 ara d | ||
| 017 | _bمصر. دار الكتب | ||
| 020 | _a9770523968 | ||
| 040 |
_aEG-CaGPL _cEG-CaGPL |
||
| 082 | 0 | 4 |
_221 _a362.6 / _bم ا |
| 100 | 0 | _aمروى محمد شحته | |
| 245 | 1 | 2 |
_aالاساءة للمسنين : _bدراسة ميدانية فى الثقافة المصرية / _cمروى محمد شحته |
| 260 |
_aالقاهرة : _bمكتبة الانجلو المصرية ، _c2008 |
||
| 300 |
_a102ص ؛ _c24 سم |
||
| 650 | 0 | 7 |
_aعلم الاجتماع _2qrmak |
| 650 | 0 | 7 |
_aالمسنون _2qrmak |
| 650 | 0 | 7 |
_aالرعاية _2qrmak |
| 650 | 0 | 7 |
_aالحقوق والوجبات _2qrmak |
| 650 | 0 | 7 |
_aالثقافة المصرية _2qrmak |
| 651 | _2qrmak | ||
| 942 |
_2ddc _cBK |
||
| 999 |
_c66692 _d66692 |
||